|
|
|
|
| LEADER |
00000nam0a2200000 4500 |
| 001 |
250786 |
| 005 |
20231101232609.0 |
| 010 |
|
|
|a 5020164713
|
| 020 |
|
|
|a RU
|b 89-6400
|
| 035 |
|
|
|a (RuTPU)RU\TPU\book\273012
|
| 090 |
|
|
|a 250786
|
| 100 |
|
|
|a 20140217d1989 kmuy0rusy5003 ca
|
| 101 |
0 |
|
|a rus
|
| 102 |
|
|
|a RU
|
| 105 |
|
|
|a y z 001zb
|
| 200 |
1 |
|
|a Творчество Янь Фу и проблема перевода
|f А. А. Крушинский
|g Академия наук СССР (АН СССР), Институт востоковедения (ИВ)
|
| 210 |
|
|
|a Москва
|c Наука
|d 1989
|
| 215 |
|
|
|a 111,[1] с.
|
| 300 |
|
|
|a Рез.: англ.
|
| 320 |
|
|
|a Библиогр.: с. 102-107 (166 назв.).
|
| 320 |
|
|
|a Указ. имен. и предм.: с. 108-110.
|
| 600 |
|
0 |
|a Янь Фу (Цзидао)
|c китайский публицист
|c переводчик западноевропейских авторов
|f 1853-1921
|2 stltpush
|3 (RuTPU)RU\TPU\pers\21590
|9 9095
|
| 606 |
1 |
|
|a Китайская философия
|2 stltpush
|3 (RuTPU)RU\TPU\subj\14447
|9 40828
|
| 610 |
1 |
|
|a общественная мысль
|
| 610 |
0 |
|
|a просветители китайские
|
| 610 |
1 |
|
|a научная литература
|
| 610 |
1 |
|
|a переводы
|
| 610 |
1 |
|
|a Китай
|
| 610 |
1 |
|
|a история
|
| 610 |
1 |
|
|a 19 век
|
| 610 |
1 |
|
|a 20 век
|
| 686 |
|
|
|a Ю3(5Кит)41
|2 rubbk
|
| 700 |
|
1 |
|a Крушинский
|b А. А.
|g Андрей Андреевич
|4 070
|
| 712 |
0 |
2 |
|a Академия наук СССР (АН СССР)
|b Институт востоковедения (ИВ)
|c (Москва)
|2 stltpush
|3 (RuTPU)RU\TPU\col\11263
|
| 801 |
|
0 |
|a RU
|b RuMRKP
|c 19950417
|g psbo
|
| 801 |
|
1 |
|a RU
|b 63413507
|c 20140217
|
| 801 |
|
2 |
|a RU
|b 63413507
|c 20140220
|g RCR
|
| 942 |
|
|
|c BK
|